000 00496nam a22001817a 4500
005 20251108170858.0
008 250721s1997 xx 000 0 ara d
082 1 4 _a658.456/شيخ
100 1 _aأبو شيخه، نادر أحمد
245 1 0 _aأصول التفاوض /
264 1 _aعمان :
_bدار مجدولاي،
_c1997.
300 _a396ص.
650 1 7 _aعلم التفاوض
650 1 7 _aالمفاوضات
650 1 7 _aالإدارة
942 _2ddc
_cBK
999 _c51178
_d51178